The employed inventor in the United States R & D policies, law, and practice

Gardado en:
Detalles Bibliográficos
Autor Principal: Neumeyer, Fredrik
Formato: Libro
Idioma:Undetermined
Publicado: London The MIT Press 1971
Những chủ đề:
Các nhãn: Engadir etiqueta
Sen Etiquetas, Sexa o primeiro en etiquetar este rexistro!
Thư viện lưu trữ: Trung tâm Học liệu Trường Đại học Cần Thơ
LEADER 00526nam a2200181Ia 4500
001 CTU_77693
008 210402s9999 xx 000 0 und d
082 |a 346 
082 |b N493 
100 |a Neumeyer, Fredrik 
245 4 |a The employed inventor in the United States R & D policies, law, and practice 
245 0 |c Fredrik Neumeyer 
260 |a London 
260 |b The MIT Press 
260 |c 1971 
650 |a Inventions employees 
650 |z United States 
980 |a Trung tâm Học liệu Trường Đại học Cần Thơ